[Event "FRA-ch 91st"]
[Site "Agen"]
[Date "2016.08.16"]
[Round "4"]
[White "Jolly, Jean Francois"]
[Black "Cornette, Matthieu"]
[Result "1-0"]
[WhiteElo "2361"]
[BlackElo "2581"]
[Annotator "Fischer,J"]
[PlyCount "45"]
[EventDate "2016.08.13"]
[EventType "tourn"]
[EventRounds "9"]
[EventCountry "FRA"]
[EventCategory "14"]
[SourceTitle "CBM 174"]
[Source "ChessBase"]
[SourceDate "2016.09.13"]
[SourceVersion "1"]
[SourceVersionDate "2016.09.13"]
[SourceQuality "1"]
[TimeControl "40/5400+30:1800+30"]

1. e4 {[%emt 0:00:03]} e5 {[%emt 0:00:00]} 2. Nf3 {[%emt 0:03:25]} Nc6 {
[%emt 0:00:00]} 3. Bc4 {[%emt 0:00:14]} Nf6 {[%emt 0:00:10]} 4. d3 {[%emt 0:00:
06]} Be7 {[%emt 0:02:10]} 5. O-O {[%emt 0:02:03]} O-O {[%emt 0:01:08]} 6. Re1 {
[%emt 0:10:05]} d6 {[%emt 0:00:32]} 7. c3 {[%emt 0:00:20]} Kh8 {[%emt 0:12:54]}
8. h3 {[%emt 0:09:59]} (8. Nbd2) 8... Nd7 $146 {[%emt 0:10:54]} (8... Ng8 9. d4
f5 10. dxe5 fxe4 11. Rxe4 Rxf3 12. gxf3 Bf5 13. Re1 Nxe5 14. Bf1 Qe8 15. f4
Qg6+ 16. Kh2 Bg4 17. Be2 Bxe2 18. Rxe2 Nf3+ 19. Kh1 Qh5 20. Kg2 Rf8 21. Qd3 Rf6
22. Qxf3 Rg6+ 23. Qg4 Rxg4+ 24. hxg4 Qd5+ {0-1 (24) Kuczynski,R (2483)
-Naiditsch,A (2639) Germany 2008}) 9. d4 {[%emt 0:04:32]} exd4 {[%emt 0:05:36]}
10. cxd4 {[%emt 0:01:10]} Nb6 {[%emt 0:00:05]} 11. Bb3 {[%emt 0:08:50]} d5 {
[%emt 0:05:57]} 12. Nc3 {[%emt 0:02:10]} dxe4 {[%emt 0:03:06]} 13. Nxe4 {
[%emt 0:00:11]} Bf5 {[%emt 0:00:38]} 14. Nc5 {[%emt 0:06:54]} Rb8 {[%emt 0:04:
18]} 15. Bf4 $14 {[%emt 0:03:06] Les pièces Blanches sont très actives} Nd5 {
[%emt 0:06:39]} (15... Na5 $5 {L'échange des B doit favoriser les Noirs} 16.
Bc2 Bxc2 17. Qxc2 Nd5) 16. Bg3 {[%emt 0:01:42]} Bg6 {[%emt 0:08:23]} 17. a3 {
[%emt 0:07:01]} Bh5 {[%emt 0:02:29]} 18. Rc1 {[%emt 0:01:18]} Bf6 {[%emt 0:06:
41]} 19. Nxb7 {[%emt 0:06:43]} Rxb7 {[%emt 0:00:48]} 20. Rxc6 {[%emt 0:00:07]}
Qd7 {[%emt 0:01:36]} 21. Rc5 $1 {[%emt 0:06:24]} c6 {[%emt 0:00:04]} 22. Ba4 {
[%emt 0:01:06]} Rc8 {[%emt 0:03:07]} 23. Bxc6 {[%emt 0:00:31] After 23...Rxc6
White plays 24.Rxd5 and because of the back rank mate Black cannot take the
rook - White is winning.} 1-0

[Event "Rostock-10 GM Group"]
[Site "Rostock"]
[Date "1984.08.19"]
[Round "9"]
[White "Tischbierek, Raj"]
[Black "Chekhov, Valery A"]
[Result "1/2-1/2"]
[WhiteElo "2450"]
[BlackElo "2535"]
[Annotator "Ftacnik,L"]
[PlyCount "38"]
[EventDate "1984.08.11"]
[EventType "tourn"]
[EventRounds "9"]
[EventCountry "DDR"]
[EventCategory "8"]
[SourceTitle "MCL"]
[Source "ChessBase"]
[SourceDate "1999.07.01"]
[SourceVersion "1"]
[SourceVersionDate "1999.07.01"]
[SourceQuality "1"]

1. e4 e5 2. Nf3 Nc6 3. Bc4 Nf6 4. d3 h6 5. O-O (5. c3 $1 d6 6. O-O g6 7. d4 Qe7
8. Nbd2 Bg7 9. Re1 O-O 10. h3 Nh7 $1) 5... d6 6. c3 g6 7. Re1 Bg7 8. Nbd2 O-O
9. Bb3 a6 10. h3 d5 11. Nf1 Be6 12. Ng3 Re8 13. Ba4 b5 14. Bc2 Qe7 15. d4 Rad8
16. Qe2 dxe4 17. Nxe5 Nxe5 18. dxe5 Nd7 19. Qxe4 Nxe5 1/2-1/2

[Event "Astana"]
[Site "Astana"]
[Date "2001.06.01"]
[Round "10"]
[White "Morozevich, Alexander"]
[Black "Gelfand, Boris"]
[Result "1/2-1/2"]
[WhiteElo "2749"]
[BlackElo "2712"]
[Annotator "Gelfand,B"]
[PlyCount "84"]
[EventDate "2001.05.20"]
[EventType "tourn"]
[EventRounds "10"]
[EventCountry "KAZ"]
[EventCategory "20"]
[SourceTitle "CBM 084"]
[Source "ChessBase"]
[SourceDate "2001.09.13"]
[SourceVersion "1"]
[SourceVersionDate "2001.09.13"]
[SourceQuality "1"]

1. e4 e5 2. Bc4 Nf6 3. d3 Nc6 4. Nf3 Be7 5. O-O O-O 6. Re1 d6 7. a4 Nd4 8. Nxd4
exd4 9. c3 (9. Nd2 Bg4 (9... d5 10. exd5 Bb4 11. Qf3) (9... Be6) 10. f3 (10.
Nf3 d5 11. exd5 Bb4) 10... Be6 11. Nb3 d5 12. exd5 Nxd5 13. Nxd4 Bc5 14. c3
Bxd4+ 15. cxd4 c6 {Shipov,S. and Notkin,M.}) (9. h3 Be6 10. Bxe6 fxe6 11. e5
dxe5 12. Rxe5 Qd7 13. Nd2 (13. Qe2 Rae8 14. Rxe6 Bb4) 13... Bd6 14. Re1 Rae8
$11) 9... dxc3 10. Nxc3 Be6 $146 (10... c6 11. Bb3 $1 (11. d4 d5 12. exd5 cxd5
13. Bxd5 Nxd5 14. Nxd5 Qxd5 15. Rxe7 Be6 $11) (11. Qb3 {Inf 61/}) 11... Be6 12.
d4 (12. Bc2 c5) 12... Bxb3 13. Qxb3 $14) 11. Bxe6 $6 (11. Qb3 $5 Bxc4 12. dxc4
$14) 11... fxe6 12. Qb3 Qd7 $1 (12... Qc8 $6 13. d4 c6 14. d5 cxd5 15. exd5 e5
16. Be3 a6 17. Rac1 Qd7 $11) (12... d5 $5 13. exd5 exd5 (13... Bc5 $2 14. dxe6
Bxf2+ (14... Qe7 15. Be3) 15. Kxf2 Qd4+ 16. Ke2 Qg4+ 17. Kd2 $18) (13... Ng4 $5
14. Qc4 $1 (14. d6 Qxd6 15. Qxe6+ Qxe6 16. Rxe6 Bd6 17. Ne4 Bxh2+ 18. Kh1 Be5
$11) 14... Bh4 (14... Nxf2 15. Rxe6) 15. Qxg4 Bxf2+ 16. Kh1 Bxe1 17. Qxe6+ $18)
14. Qxb7 (14. Bg5 Bc5 (14... c6 15. Qxb7 Bc5 (15... Bd6 16. Qxc6) 16. Qxc6
Bxf2+ 17. Kxf2) 15. Qxb7 (15. Re2 c6 16. Qxb7 Qd6 $44) 15... Rb8 16. Qc6 Bxf2+
17. Kxf2 Rb6 $15) 14... Qd7 $5 {- 12...Qd7 13.Qb7 d5} (14... Bc5 15. Qc6 $1 Qd6
(15... Bxf2+ 16. Kxf2 Ng4+ 17. Kg3) 16. Qxd6 cxd6 17. Nb5 $1 (17. h3 Ng4 (17...
Nd7 18. Re2 Ne5 19. d4 (19. Nxd5 Nxd3 20. Be3) 19... Bxd4 20. Nxd5 Nd3 21. Be3
$14) 18. Be3 Nxe3 19. fxe3 d4 $44) (17. Rd1 Ng4 18. d4 Nxf2 19. dxc5 (19. Rd2
Bb6 20. a5 Rae8 $1 21. g3 Ng4 22. axb6 Re1+ 23. Kg2 Ne3+ 24. Kh3 Rf6 $19) 19...
Nxd1 20. Nxd1 Rae8 21. Be3 dxc5 $15) 17... Ng4 18. d4 Bb4 19. Re2 Rae8 20. Rxe8
Rxe8 21. Bf4 $16)) 13. Qxb7 $2 (13. d4 c6 14. d5 (14. Bg5 d5) 14... cxd5 (14...
exd5 15. exd5 Kh8 $11) 15. exd5 e5 16. Be3 a6 $11) 13... Ng4 (13... d5 $5 14.
exd5 (14. Bf4 Bc5 15. Re2 Bb6 (15... c6 16. Qxd7 Nxd7 17. Bg3 Bd4 18. Rc2) 16.
exd5 (16. a5 Rab8 17. Qa6 Bd4 $44) 16... Nxd5 17. Nxd5 exd5) 14... exd5 (14...
Nxd5 $5 15. Nxd5 exd5 16. Bf4 Bc5 $44) 15. Bf4 Bc5 16. Re2 (16. Qxc7 Qxc7 17.
Bxc7 Ng4) 16... c6 17. Qxd7 Nxd7 18. Bg3 Bd4 $44) 14. Nd1 (14. Re2 Ne5 (14...
Bh4 15. g3 Rfb8 16. Qa6 Bf6 {Shipov,S.+Notkin,M.}) 15. d4 (15. Qa6 c5) 15...
Rab8) (14. f3 Bh4 15. Re2 Ne5 16. d4 Rab8 17. Qa6 Rb6 18. Qa5 Nc6 19. Qh5 Bf6
20. e5 (20. d5 Nd4 21. Rf2 Nb3) 20... dxe5 21. dxe5 g6 22. Qh6 Bxe5 $15) 14...
Bf6 (14... Bh4 15. Rf1 Qf7 16. f3 Bf6 17. fxg4 Bd4+ 18. Nf2 Bxf2+ 19. Kh1 $11)
15. Qb3 (15. h3 Ne5 16. Qb3 Rab8 17. Qc2 c5 $44 (17... Qc6 $5)) 15... c5 (15...
Ne5 16. d4 $14) (15... Bd4 16. Be3 Be5 $1 (16... Nxe3 17. fxe3) (16... Rab8 17.
Qc2 Rxf2 18. Bxf2 Nxf2 19. Qc4 c5 20. Nxf2 Rxb2 21. Rf1 Qf7 22. Qxd4 cxd4 23.
Nd1 Qb7 24. Nxb2 Qxb2 25. Rab1 $18 {Shipov,S. and Notkin,M..}) 17. h3 Nxe3 18.
Rxe3 (18. fxe3 Qf7 $19) 18... Rab8 19. Qc2 c5 $15) 16. f4 $5 (16. h3 Ne5 17.
Qc2 Nc6 18. Be3 Rab8 $44) 16... Rab8 17. Qc2 Bd4+ 18. Kh1 Qf7 (18... e5 19. f5
(19. h3 exf4 20. hxg4 Qxg4) (19. g3 $5 exf4 20. gxf4 Qe7 21. Qg2) 19... g6 20.
h3 gxf5 21. hxg4 fxe4 (21... fxg4 22. Qe2 (22. g3 Rf3 23. Kg2 Rbf8 (23... Qf7
24. Qc4 Qxc4 25. dxc4 Rbb3 26. Ra3 Rxg3+ 27. Kh2 $11) 24. Be3 Qe8 $40) 22...
Qe6 23. Be3 Qg6 24. Bxd4 (24. Nf2 g3 $13 (24... Rxb2 25. Qxg4 Rbxf2 (25... Bxe3
26. Qxg6+ hxg6 27. Nd1) 26. Qxg6+ hxg6 27. Bxf2 Bxa1 28. Bxc5 $11)) 24... cxd4
25. Nf2 $16) (21... f4 22. Qe2 (22. Nf2 Bxf2 (22... f3 $5) (22... Qe7 23. Nh3
Qh4 24. Rf1 f3 $40) 23. Qxf2 Qxg4 24. Rf1 f3 25. Be3 Kh8 $13) 22... Qe7 (22...
Rb3 23. Rf1) 23. g3 fxg3 (23... Rb3 24. Rf1) 24. Kg2 $16) 22. Qe2 (22. g3 Qxg4
23. Qg2 exd3) (22. Ne3 Qe7 23. g3 exd3) 22... exd3 23. Qxd3 Qxg4 24. Qh3 Qxh3+
25. gxh3 Rb3 26. Ra3 Rxa3 27. bxa3 $15 {/=}) (18... Qe7 19. g3 Qf7 20. h3 Qh5
21. Kg2) 19. h3 (19. Rf1 $6 Nxh2 20. Kxh2 Qh5+ 21. Kg3 g5 $19) 19... Qh5 20.
Rf1 (20. Qe2 Nf6 $17) 20... Qh4 $6 (20... g5 21. Qe2 (21. f5 exf5 22. exf5 Rbe8
$19) 21... Nf6 22. Qe1 g4 23. h4 (23. f5 gxh3 24. Qg3+ Kh8 25. Qxh3 exf5) 23...
c4 $5 $40 (23... d5 $5 $44) (23... g3 24. Qxg3+ Kh8 25. Be3 Rg8 26. Qh3 Qe2 27.
Qf3 Qxd3 28. Bxd4 Qxd4 29. Nf2)) 21. Qe2 h5 (21... Nf6 22. Kh2 Nh5 23. Rf3) (
21... Rf6 22. Qe1 Qxe1 (22... Qh5 23. Nc3) 23. Rxe1 Nf2+ 24. Nxf2 Bxf2 25. Rf1
Bd4 $15) 22. Ne3 $1 (22. Qe1 Qxe1 23. Rxe1 Nf6 $17) (22. Rf3 Ne5 23. Rf1 Qg3
$17) 22... Nxe3 23. Bxe3 Rxb2 24. Qf3 Bxe3 $6 (24... g5 $6 25. Bxd4 cxd4 26. f5
g4 27. Qf4 e5 28. Qh6 (28. Qc1 Re2) 28... Rf6 (28... gxh3 29. Qg6+ Kh8 30. g3)
29. Qc1) (24... Be5 $142 25. Qd1 $1 Qg3 26. Qf3 Qxf3 27. Rxf3 Bc3 28. Rc1 Bd2
$140 29. Bxd2 Rxd2 30. Rb1 $11) 25. Qxe3 Qf6 26. f5 (26. Qg3 $5 {Morozevich,A})
26... exf5 27. Rxf5 Re2 $1 (27... Qg6 28. Qf3 $14) 28. Rxf6 (28. Qc1 Qg6 $1 (
28... Qd4 29. Rxf8+ Kxf8 30. Rb1 $1 Kg8 31. Qg5 $14) 29. Rxf8+ Kxf8 30. Qf1+
Qf6 31. Qxf6+ gxf6 32. Rb1 c4 33. dxc4 Rxe4 34. Rb7 a5 $11 {Shipov,S and
Notkin,M.}) (28. Qg1 Qe7) 28... Rxe3 29. Rxd6 Rf2 30. Rd5 h4 31. a5 Rg3 32. Rg1
Ra2 33. Rxc5 Rxd3 34. Rh5 Rg3 35. Rxh4 Rxa5 36. Kh2 Rg6 37. Rf4 Ra2 38. h4 Re2
39. Kh3 Re6 40. Ra1 R2xe4 41. Rxe4 Rxe4 42. Rxa7 g6 1/2-1/2

[Event "Munich SKA"]
[Site "Munich"]
[Date "1993.??.??"]
[Round "5"]
[White "Gelfand, Boris"]
[Black "Bareev, Evgeny"]
[Result "1-0"]
[WhiteElo "2690"]
[BlackElo "2670"]
[Annotator "Gelfand,B"]
[PlyCount "61"]
[EventDate "1993.05.??"]
[EventType "tourn"]
[EventRounds "11"]
[EventCountry "GER"]
[EventCategory "16"]
[SourceTitle "CBM 036"]
[Source "ChessBase"]
[SourceDate "1993.10.01"]
[SourceVersion "1"]
[SourceVersionDate "1993.10.01"]
[SourceQuality "1"]

1. e4 {Schussler} e5 2. Bc4 Nf6 3. d3 Nc6 4. Nf3 h6 5. O-O d6 6. c3 g5 $5 (6...
g6) (6... g6 {Schussler} 7. Re1 Bg7 8. Nbd2 O-O 9. Nf1 d5 $10 10. Bb3 dxe4 11.
dxe4 Qxd1 12. Bxd1 Be6 {Grosar,A-Sermek,D, Ljublana Pirc 1993}) 7. Nbd2 (7. h4
$5) 7... Bg7 8. Bb3 O-O (8... Ne7 $5) 9. Nc4 Be6 10. Re1 Re8 $6 (10... b5 11.
Ne3 (11. Na3 a6 12. d4 Bxb3 13. axb3 exd4 14. Nxd4 Nxd4 15. cxd4 $14) 11... d5
12. Qc2 (12. a4 $6 dxe4 13. Bxe6 fxe6 14. axb5 $6 exf3 15. bxc6 fxg2 $15 {xf4})
12... Qd7 $10) (10... Ne7 {Schussler} 11. d4 {+/-/+/=}) 11. h4 g4 (11... gxh4
$2 12. Nxh4 Nxe4 $2 13. Rxe4 d5 14. Rg4 $1 dxc4 15. Bxc4 Bxg4 16. Qxg4 $16) 12.
Nh2 h5 (12... Qd7 13. Ne3 h5 14. Nhf1 {xf5} (14. Nhf1 {Schussler} d5 15. Ng3
$16)) 13. Bg5 $1 Qd7 (13... d5 14. exd5 Bxd5 15. Nf1 $16) 14. Nf1 d5 $2 (14...
Nh7 15. Qd2 $1 (15. Ng3 Nxg5 16. hxg5 h4 17. Nh5 Qe7 $132) 15... f6 16. Bh6 $16
{/\ 17.Ng3, xh5,f5}) 15. Ncd2 $1 (15. exd5 $6 Nxd5 16. Ng3 f6 17. Bd2 Qf7 $13)
15... d4 (15... Nh7 16. Ng3 Nxg5 (16... f6 17. Be3 d4 18. cxd4 exd4 19. Bf4 $18
) 17. hxg5 h4 18. exd5 Bxd5 19. Nh5 Bxb3 20. Qxb3 $16 {/\ Ne4}) 16. Ng3 dxc3 (
16... Nh7 17. Nxh5 f6 18. cxd4 $1 $18) 17. bxc3 Qxd3 18. Bxf6 Bxf6 19. Nxh5 Bh8
(19... Bxh4 20. Bxe6 Rxe6 21. Qxg4+ Rg6 22. Qxh4 Qxd2 23. Re3 Qd8 24. Qh2 $1
$16) 20. Re3 Qd7 21. Bxe6 Qxe6 22. Rg3 Rad8 23. Qe2 $1 $18 (23. Rxg4+ $2 Kf8
24. Rg3 Qd7) 23... Kf8 24. Nf1 $1 Ke7 25. Rxg4 Rg8 (25... Kd7 {/\ Kc8}) 26.
Rxg8 Rxg8 27. Rb1 $1 Nd8 28. Nhg3 Kd7 29. Ne3 Bg7 30. Rd1+ Kc8 31. Qg4 1-0

[Event "Nuremberg LGA Cup 8th"]
[Site "Nuremberg"]
[Date "2011.09.09"]
[Round "3"]
[White "Renner, Christoph"]
[Black "Sanikidze, Tornike"]
[Result "0-1"]
[WhiteElo "2405"]
[BlackElo "2512"]
[Annotator "Gutman,L"]
[PlyCount "68"]
[EventDate "2011.09.08"]
[EventType "swiss"]
[EventRounds "7"]
[EventCountry "GER"]
[SourceTitle "CBM 144 Extra"]
[Source "ChessBase"]
[SourceDate "2011.10.28"]
[SourceVersion "1"]
[SourceVersionDate "2011.10.28"]
[SourceQuality "1"]

1. e4 e5 2. Nf3 Nc6 3. Bc4 Nf6 4. d3 Be7 5. Nc3 d6 6. h3 (6. a3 O-O 7. h3 Be6
8. Nd5 {geschah in Rethy-Kieninger, München 1941.}) 6... Na5 7. Be3 ({In
Boskovic-Gustafsson, Gibraltar 2010, folgte} 7. Bb3 O-O ({Dies ist genauer als
} 7... Nxb3 8. axb3 O-O 9. d4 exd4 10. Qxd4 Re8 11. O-O a6 12. Re1 $14 {
Dobos-Toth, Ungarische Liga 1993}) 8. O-O c6 9. d4 Qc7 10. Be3 Re8 $11) 7...
Nxc4 8. dxc4 c6 9. Qe2 Qc7 10. Nh2 $6 {Zu direkt.} ({Eher am Platze war} 10. a4
a5 11. Rd1 O-O 12. O-O $11 {Grosar-Doric, Kroatische Liga 2007}) 10... Be6 11.
Ng4 Nd7 12. O-O h5 $5 {Schwarz bereitet die lange Rochade vor.} 13. Nh2 f6 14.
Rfd1 g6 15. a4 a5 16. b3 O-O-O {Nun ist schwer für Weiß, einem guten Plan zu
finden.} 17. Rd2 g5 18. f3 Rdg8 19. Nd1 f5 $2 {Ein dubioser Zug.} ({Philidor
und Morphy haben uns gelehrt} 19... Nf8 $5 20. Bf2 Ng6 {zu spielen, und zu
Recht, wie} 21. Ne3 Nf4 22. Qf1 Bf8 23. c3 g4 24. fxg4 Qh7 $17 {zeigt.}) 20.
exf5 Bxf5 21. Nf2 Nf6 22. Rf1 Bf8 23. Qd1 ({Möglich war} 23. Rdd1 g4 24. fxg4
hxg4 25. Nhxg4 Nxg4 26. Nxg4 Bxg4 27. hxg4 Qh7 28. g5 Qh2+ 29. Kf2 Qh4+ 30. Kg1
Be7 31. Rf5 Kb8 32. Qf3 Qh2+ 33. Kf1 Rf8 34. Bf2 Rxf5 35. Qxf5 Qh5 36. Rd3 Rf8
37. Qh3 $11) 23... g4 24. fxg4 hxg4 25. hxg4 $4 ({Verschenkt die Partie,
während} 25. Nhxg4 Bxg4 26. Nxg4 Nxg4 27. hxg4 Qh7 28. Rf5 $11 {Ausgleich
ergab.}) 25... Qh7 26. Nh3 Nxg4 27. Nxg4 Rxg4 28. Qf3 Bd7 29. Bb6 Be7 30. c5 d5
31. Rdf2 Be6 ({Auch} 31... Rgg8 32. Qc3 Bxh3 33. Qxa5 Kd7 $19 {gewinnt.}) 32.
Qe3 ({Kaum besser wäre} 32. Kh1 e4 33. Qe3 Rxg2 34. Rxg2 Bxh3 $19) 32... Qxh3
33. Rf8+ Bxf8 34. Rxf8+ Kd7 0-1

[Event "LTU-ch"]
[Site "Vilnius"]
[Date "2002.05.24"]
[Round "10"]
[White "Zapolskis, Antanas J"]
[Black "Sarakauskas, Gediminas"]
[Result "1-0"]
[WhiteElo "2397"]
[BlackElo "2388"]
[Annotator "Hecht,H"]
[PlyCount "143"]
[EventDate "2002.05.17"]
[EventType "tourn"]
[EventRounds "11"]
[EventCountry "LTU"]
[EventCategory "9"]
[SourceTitle "CBM 090"]
[Source "ChessBase"]
[SourceDate "2002.09.20"]
[SourceVersion "1"]
[SourceVersionDate "2002.09.20"]
[SourceQuality "1"]

1. e4 e5 2. Nf3 Nc6 3. Bc4 Nf6 4. d3 Be7 5. Nc3 d6 6. a3 O-O 7. O-O Bg4 8. h3
Bh5 9. Nd5 Kh8 10. Ne3 Nd4 11. g4 Bg6 12. c3 Nxf3+ 13. Qxf3 c6 14. Nf5 Bxf5 15.
gxf5 Ne8 16. Kh1 Bg5 17. Rg1 Bxc1 18. Raxc1 Qf6 19. Qe3 g6 20. Qh6 Qg7 21. Qh4
Qf6 22. Qh6 Qg7 23. Qg5 Qf6 24. f4 Qxg5 25. fxg5 gxf5 26. exf5 d5 27. Bb3 f6
28. Rce1 Nd6 29. gxf6 Rae8 30. c4 dxc4 31. dxc4 Rxf6 32. c5 Nxf5 33. Rxe5 Ref8
34. Re4 Rg6 35. Rxg6 hxg6 36. Rb4 Re8 37. Bf7 Re1+ 38. Kh2 Re2+ 39. Kg1 Kg7 40.
Rxb7 Kf6 41. Bc4 Rc2 42. Bd3 Rxc5 43. Rxa7 Ke5 44. Kf2 Rd5 45. Ke2 Kf4 46. Kd2
Nd4 47. Kc3 Nb5+ 48. Bxb5 cxb5 49. a4 bxa4 50. Rxa4+ {[#] b-Freibauer vom
König unterstützt bei 1-1 am Königsflügel.} Ke5 51. Ra6 Rc5+ 52. Kb3 g5 53. Rh6
Kf4 54. Ka4 Rc1 55. b4 Rh1 56. Rh5 Kf5 57. Rh8 Kg6 58. b5 Kg7 59. Rc8 Rxh3 60.
b6 Rh1 61. b7 Ra1+ 62. Kb5 Rb1+ 63. Kc6 Kf6 64. b8=Q Rxb8 65. Rxb8 {Der
schwarze König steht zwar auf der Schokoladenseite, doch ist sein Bauer nicht
weit genug voran gekommen. Der Gewinn ist technisch einfach.} Ke5 66. Re8+ Kf4
67. Kd5 g4 68. Kd4 Kf3 69. Rf8+ (69. Kd3 $142) 69... Ke2 70. Rg8 Kf3 71. Kd3 $1
g3 72. Rf8+ (72. Rf8+ Kg2 73. Ke2 Kh2 74. Rh8+ Kg1 75. Kf3 g2 76. Rg8 Kh1 77.
Kf2 $18) 1-0

[Event "Clarin GP final"]
[Site "Villa Gesell"]
[Date "1998.03.13"]
[Round "7"]
[White "Rodriguez Vila, Andres"]
[Black "Zarnicki, Pablo Adrian"]
[Result "0-1"]
[WhiteElo "2475"]
[BlackElo "2515"]
[Annotator "Hecht,H"]
[PlyCount "128"]
[EventDate "1998.03.07"]
[EventType "tourn"]
[EventRounds "11"]
[EventCountry "ARG"]
[EventCategory "10"]
[SourceTitle "CBM 064"]
[Source "ChessBase"]
[SourceDate "1998.06.02"]
[SourceVersion "1"]
[SourceVersionDate "1998.06.02"]
[SourceQuality "1"]

1. e4 e5 2. Bc4 Nf6 3. d3 Nc6 4. Nf3 Be7 5. O-O O-O 6. c3 d5 7. exd5 Nxd5 8. h3
Bf5 9. Re1 Bf6 10. Bb5 Re8 11. Nbd2 a6 12. Bxc6 bxc6 13. Ne4 Nb6 14. Qe2 Nd7
15. Nxf6+ Qxf6 16. d4 e4 17. Nh2 c5 18. Be3 cxd4 19. cxd4 Qg6 20. Kh1 Nf6 21.
Qc4 Be6 22. Qxc7 Nd5 23. Qa5 f5 24. Qd2 Qf7 25. Bf4 Nxf4 26. Qxf4 Bxa2 27. Rec1
Bc4 28. Rc3 Rad8 29. Rac1 Bd3 30. Rc7 Qf6 31. Rb7 Rc8 32. Rxc8 Rxc8 33. d5 Qh6
34. Qxh6 gxh6 35. g4 f4 36. d6 Rd8 37. Rb6 e3 38. fxe3 fxe3 39. Kg1 Bb5 40. Nf3
Rf8 41. Kg2 e2 42. Ne1 Rf1 43. Rxb5 axb5 44. d7 Rf8 45. Nf3 Rd8 46. Kf2 Rxd7
47. Kxe2 Kg7 48. Ke3 h5 49. gxh5 Kh6 50. b4 Kxh5 51. Nd4 Rb7 52. Nf5 Rb6 53.
Kd4 (53. Kf4 {This allows the transition into a pawn ending with an extra
tempo: Erlaubt den Übergang ins Bauernendspiel mit Tempovorteil.} Rf6 54. Ke5
Rxf5+ 55. Kxf5 Kh4 56. Kf6 (56. Ke5 Kxh3 57. Kd5 h5 58. Kc5 h4 59. Kxb5 Kg3 60.
Ka6 h3 61. b5 h2 62. b6 h1=Q {White is short by a tempo. Weiß fehlt ein Tempo.}
) 56... Kxh3 57. Kg5 Kg3 $19) 53... Rc6 54. Ne3 Kh4 55. Kd5 Rc8 56. Nf5+ Kxh3
57. Nd6 Rd8 $1 {This leads to the exact transition as in the variation
sketched above. This is in any case simpler and clearer than ...Rb8, which
would also win. Führt zum exakt gleichen Übergang wie in der vorhin
skizzierten Variante. Das ist jedenfalls einfacher und klarer als Tb8,
wasebenfalls gewinnt.} (57... Rb8 58. Kc5 h5 59. Nxb5 h4 60. Nd4 Kg2 61. Ne2
Rf8 $1 $19 {[%cal Rh4h3,Rh3h2,Rh2h1]}) 58. Kc6 Rxd6+ 59. Kxd6 Kg4 60. Kc6 h5
61. Kxb5 h4 62. Ka6 h3 63. b5 h2 64. b6 h1=Q 0-1

[Event "New York op"]
[Site "New York"]
[Date "1998.03.16"]
[Round "2"]
[White "Schmaltz, Roland"]
[Black "Onischuk, Alexander"]
[Result "0-1"]
[WhiteElo "2470"]
[BlackElo "2610"]
[Annotator "Hecht,H"]
[PlyCount "132"]
[EventDate "1998.03.16"]
[EventType "swiss"]
[EventRounds "9"]
[EventCountry "USA"]
[SourceTitle "CBM 064"]
[Source "ChessBase"]
[SourceDate "1998.06.02"]
[SourceVersion "1"]
[SourceVersionDate "1998.06.02"]
[SourceQuality "1"]

1. e4 e5 2. Bc4 Nf6 3. d3 Nc6 4. Nf3 Be7 5. Bb3 O-O 6. c3 d5 7. Nbd2 Re8 8. O-O
Bf8 9. Re1 Bg4 10. h3 Bh5 11. Qe2 h6 12. Nf1 Bg6 13. Nh4 Bh7 14. Qf3 Na5 15.
Nf5 Nxb3 16. axb3 Bxf5 17. Qxf5 c6 18. b4 Re6 19. Bd2 g6 20. Qf3 Qd7 21. c4 a6
22. Ra5 Rd8 23. Bc3 dxe4 24. dxe4 Qd3 25. Qxd3 Rxd3 26. Nd2 Bd6 27. c5 Bc7 28.
Raa1 Nh5 29. g3 Re8 30. Nc4 f6 31. Rad1 Rdd8 32. Kf1 Ng7 33. Bd2 Rd4 34. Rc1 h5
35. Be3 Rdd8 36. Red1 Kf7 37. g4 hxg4 38. hxg4 Rh8 39. Kg2 Ne6 40. f3 Nd4 41.
Bxd4 exd4 42. Rh1 d3 43. Rcd1 Rxh1 44. Kxh1 Bf4 45. Kg2 d2 46. Kf2 Rh8 47. Nxd2
Rd8 48. Ke2 Rd4 49. Nb3 Rxb4 50. Rd3 Be5 51. Ke3 g5 52. Kd2 Bxb2 53. Na5 Ke7
54. Rb3 Rxb3 55. Nxb3 Kd7 56. Kd3 Kc7 57. Nd2 Be5 58. Nc4 Bg3 59. Kc3 Bf2 60.
Kb4 {[#] A combinatorial transition into a pawn ending, which is immediately
winning for Black due to his outside passed pawn and the blocked White
majority on the kingside. [#] Kombinatorischer Übergang ins Bauernendspiel,
das wegen des entfernten schwarzen c-Freibauern und der blockierten weißen
Mehrheit am Königsflügel sofort gewonnen ist.} a5+ $1 61. Nxa5 Bxc5+ 62. Kxc5
b6+ 63. Kb4 bxa5+ 64. Kxa5 Kd6 65. Kb6 Ke5 66. Kxc6 Kf4 (66... Kf4 67. Kd5 Kxf3
68. Ke6 Kxe4 69. Kxf6 Kf4 $19) 0-1

[Event "EU-Cup 09th Group6"]
[Site "Clichy"]
[Date "1993.09.19"]
[Round "3"]
[White "Hjartarson, Johann"]
[Black "Horvath, Gyula"]
[Result "1-0"]
[WhiteElo "2605"]
[BlackElo "2450"]
[Annotator "Hjartarson,J"]
[PlyCount "67"]
[EventDate "1993.09.17"]
[EventType "team-k.o."]
[EventRounds "3"]
[EventCountry "FRA"]
[SourceTitle "EXT 2020"]
[Source "ChessBase"]
[SourceDate "2019.10.17"]
[SourceVersion "1"]
[SourceVersionDate "2019.10.17"]
[SourceQuality "1"]
[WhiteTeam "Muenchen Bayern"]
[BlackTeam "Zalaegerszegi Csuti Antal SK"]
[WhiteTeamCountry "GER"]
[BlackTeamCountry "HUN"]

1. e4 e5 2. Nf3 Nc6 3. Bc4 Nf6 4. d3 h6 5. O-O d6 6. c3 g6 7. Nbd2 $5 (7. d4
Qe7 8. Nbd2 Bg7 9. Re1 $14) 7... Bg7 8. Re1 O-O 9. Bb3 Kh7 $6 $146 (9... Re8
10. h3 Be6 (10... d5 $6 11. exd5 Nxd5 12. d4 $1 Nb6 13. Nxe5 Nxe5 14. dxe5 Rxe5
15. Rxe5 Bxe5 16. Qf3 Qe7 17. Qe3 $1 $16 {Judasin-Mikhalcisin, Lvov 1983, Inf.
32/410}) 11. Ba4 a6 $6 (11... Bd7 $13) 12. Bxc6 bxc6 13. d4 exd4 14. cxd4 Qb8
15. Qc2 Qb7 16. b3 $14 {Dolmatov-Lerner, SSSR (ch) 1980, Inf. 30/251}) (9... d5
$2 10. exd5 Nxd5 11. Nc4 Re8 12. Ba4 $1 $16) 10. Nc4 Nh5 11. h3 Be6 (11... f5
$2 12. exf5 gxf5 13. Nfxe5 $18) 12. Ne3 $14 Qd7 (12... Bxb3 13. axb3 $16) 13.
Bc2 Ne7 14. d4 f6 15. c4 Nf4 16. Nd5 $1 $16 Nfxd5 17. exd5 Bf5 18. Ba4 Qd8 19.
Bd2 a6 (19... Bd7 20. Bc2 Bf5 21. Bc3 $16) 20. Rc1 b5 $6 (20... Bd7 21. Bc2 b5
22. b3 $16) 21. Bb3 bxc4 22. Bxc4 Qb8 23. Ba5 $1 Nc8 24. Bb3 Nb6 25. Nh4 $1 Kg8
(25... Bd7 26. Qc2 $18) 26. Nxf5 gxf5 27. Qc2 $18 Rf7 28. Qxf5 exd4 29. Re6 Qd8
30. Bd1 Qd7 31. Be2 Kf8 32. Bd2 Re8 33. Bh5 Ree7 34. Rce1 1-0